00696 2200241 4500001002100000005001700021008004100038035002400079090001700103100002500120245011600145250001100261260002500272300001900297500003200316650001200348700002300360700001700383850001800400980001500418985000600433999001500439YOGYA-0209000005029920090227032444.0 ind  0010-020900000050299 a297.5bJai P aJailani, Abdul Qadir aPenyingkap kegaibancAbdul Qadir Jailani ; penerjemah, Syamsu Basaruddin, Ilyas Hasan ; penyunting, Ilyas Hasan aCet.19 aBandungbMizanc1995 a216 hlmc18 cm aJudul asli : Futuh al ghayb aTasawuf aBasaruddin, Syamsu aHasan, Ilyas aYOPDYOGbadran a07-06-2005 a1 a97P0096058